000 00362cam a2200145ua 4500
041 _aeng
_h
082 _a823.308
_bPRI/AD
100 _aPriestley, J B .
245 _aAdam in moonshine /
_cJ B Priestley.
_hTextual Documents
260 _aMelbourne :
_bWilliam Heinemann Ltd ,
_c1952.
300 _a195 ; .
504 _a
942 _cBK
999 _c4700
_d4700